Brian John Faraday v Carmarthenshire CC (Record no. 117519)

MARC details
000 -LEADER
fixed length control field 01721cam a2200301 4500
001 - CONTROL NUMBER
control field ABS67914
008 - FIXED-LENGTH DATA ELEMENTS--GENERAL INFORMATION
fixed length control field 040615n2004 000 0 eng u
035 ## - SYSTEM CONTROL NUMBER
System control number (Sirsi) u126482
245 ## - TITLE STATEMENT
Title Brian John Faraday v Carmarthenshire CC
260 ## - PUBLICATION, DISTRIBUTION, ETC.
Date of publication, distribution, etc. 2004
490 ## - SERIES STATEMENT
Series statement Estates Gazette
Volume/sequential designation [2004] 33 EG 72-75(4)
520 ## - SUMMARY, ETC.
Summary, etc. [2004] EWCA Civ 649, 10 May 2004. Appeal by claimant (F) against a deduction of £66 345 made by the LT (ACQ/84/1997, unreported) when considering a claim for compensation for disturbance and losses for the compulsory acquisition of his freehold interest in a commercial property. The deduction was made to reflect the value of the freed-up time of F which in paragraph 3 is described as the time which F did not have to devote to his business activities due to loss of business caused by the CPO scheme when he could have been engaged in other profitable activities. Appeal allowed. Deduction for freed-up time reinstated in total value of compensation awarded. View decision at www.bailii.org.
590 ## - LOCAL NOTE (RLIN)
Local note ABS
590 ## - LOCAL NOTE (RLIN)
Local note ABS
590 ## - LOCAL NOTE (RLIN)
Local note ABS
650 ## - SUBJECT ADDED ENTRY--TOPICAL TERM
Topical term or geographic name entry element FARADAY V CARMARTHENSHIRE CC
650 ## - SUBJECT ADDED ENTRY--TOPICAL TERM
Topical term or geographic name entry element COMPENSATION
650 ## - SUBJECT ADDED ENTRY--TOPICAL TERM
Topical term or geographic name entry element DISTURBANCE
650 ## - SUBJECT ADDED ENTRY--TOPICAL TERM
Topical term or geographic name entry element LOSS OF PROFITS
650 ## - SUBJECT ADDED ENTRY--TOPICAL TERM
Topical term or geographic name entry element FREEHOLD INTEREST
650 ## - SUBJECT ADDED ENTRY--TOPICAL TERM
Topical term or geographic name entry element COMPULSORY PURCHASE ORDERS
650 ## - SUBJECT ADDED ENTRY--TOPICAL TERM
Topical term or geographic name entry element FREED-UP TIME
690 ## - LOCAL SUBJECT ADDED ENTRY--TOPICAL TERM (OCLC, RLIN)
Topical term or geographic name as entry element COMPULSORY PURCHASE AND COMPENSATION-CASE LAW
856 ## - ELECTRONIC LOCATION AND ACCESS
Uniform Resource Identifier <a href="https://www.bailii.org/ew/cases/EWCA/Civ/2004/649.html">https://www.bailii.org/ew/cases/EWCA/Civ/2004/649.html</a>
Public note View judgment on the BAILII website...
856 ## - ELECTRONIC LOCATION AND ACCESS
Uniform Resource Identifier <a href="https://www.bailii.org/ew/cases/EWCA/Civ/2004/649.html">https://www.bailii.org/ew/cases/EWCA/Civ/2004/649.html</a>
Public note View judgment on the BAILII website...
856 ## - ELECTRONIC LOCATION AND ACCESS
Uniform Resource Identifier <a href="https://www.bailii.org/ew/cases/EWCA/Civ/2004/649.html">https://www.bailii.org/ew/cases/EWCA/Civ/2004/649.html</a>
Public note View judgment on the BAILII website...
942 ## - ADDED ENTRY ELEMENTS (KOHA)
Suppress in OPAC 0
Holdings
Withdrawn status Lost status Source of classification or shelving scheme Damaged status Not for loan Home library Current library Shelving location Date acquired Total Checkouts Full call number Barcode Date last seen Copy number Price effective from Koha item type
    Dewey Decimal Classification     London London Journal article 15/06/2004   ABS67914 126482-1001 06/08/2019 1 06/08/2019 Law report
    Dewey Decimal Classification     Virtual Virtual Online 15/06/2004   ONLINE 126482-2001 06/08/2019 1 06/08/2019 Law report